000 00362nam a2200145Ia 4500
005 20251222152605.0
008 251222s9999||||xx |||||||||||||| ||spa||
020 _a9972236137
082 _a461.6/O58/Ej.2
100 _aOquendo, Abelardo
245 0 _aBreve Manual de Puntuación y Acentuación
250 _a1ra.ed.
264 _bUniversitaria
942 _cLIB
999 _c26770
_d26770